000 00703nam a2200205Ia 4500
003 GCL
008 140319s9999 xx 000 0 ara d
040 _aGCL /
_cGCL
082 0 4 _a239.5
_bم ك
100 1 _aمحمد سعيد مرسى
245 1 0 _aكبرى المعارك والفتوحات الاسلامية /
_cمحمد سعيد مرسى
250 _aالاولى
260 _aالقاهرة :
_bاقرأ للطباعة والترجمة والنشر ،
_c2003
300 _a207 ص ؛
_c24 سم
650 0 4 _aغزوات النبى
650 0 4 _aالفتوحات الاسلامية
650 0 4 _aانتشار الاسلام
650 0 4 _aالغزوات الاسلامية
942 _2ddc
_cBK
999 _c5852
_d5852